zpět

Detail výsledku týmu

Café 1516, Jáchymov

Datum a čas kvízu

35.5 Celkem bodů Celkový počet nahraných bodů na tomto kvízu bez doplňovacích otázek.
2. Pořadí na kvízu Konečné umístění týmu na tomto kvízu.

Zaznamenané odpovědi

# Otázka Odpověď Body Výsledky
1. V úterý byl odvolán ředitel je... Česká televize (ČT), Jan Souček 1
2. O které kulturní památce ležíc... o věznici Alcatraz 1
3. Minulý týden vyšlo album Ostra... Michal Prokop 1
4. Ve středu byl zveřejněn žebříč... Michal Strnad 1
5. Tři minuty a 57 sekund. Přesně... Španělsko 1
6. Podíváme se na historické udál... Pouštní bouře 1
7. Dne 8. června 1992 došlo na ji... vila Tugendhat 1
8. V České republice vystoupila o... D 1
9. Jak se nazývá stát, který vsto... Chorvatsko 0
10. Uveďte název města, kde byla p... Turín; Nagano 0.5